Giải phẫu học

保存先:
書誌詳細
第一著者: Quách, Văn Tỉnh
フォーマット: 図書
言語:Undetermined
出版事項: H. ĐHSP 2003
主題:
オンライン・アクセス:http://lrc.tdmu.edu.vn/opac/search/detail.asp?aID=2&ID=5546
タグ: タグ追加
タグなし, このレコードへの初めてのタグを付けませんか!
Thư viện lưu trữ: Trung tâm Học liệu Trường Đại học Thủ Dầu Một
LEADER 00543nam a2200193Ia 4500
001 TDMU_5546
008 210410s9999 xx 000 0 und d
082 |a 611 
090 |b QU 
100 |a Quách, Văn Tỉnh 
245 0 |a Giải phẫu học 
245 0 |c Quách Văn Tỉnh 
260 |a H. 
260 |b ĐHSP 
260 |c 2003 
300 |a 259tr. 
650 |a Giải phẫu học 
856 |u http://lrc.tdmu.edu.vn/opac/search/detail.asp?aID=2&ID=5546 
980 |a Trung tâm Học liệu Trường Đại học Thủ Dầu Một